Бесконтактный измеритель диаметра и овальности круглых протяженных изделий; Информационно-измерительная техника и технологии

Detalles Bibliográficos
Parent link:Информационно-измерительная техника и технологии.— 2015.— [С. 165-171]
Autor Principal: Мыктыбаев Н. Е.
Autor Corporativo: Национальный исследовательский Томский политехнический университет (ТПУ) Институт неразрушающего контроля (ИНК) Кафедра физических методов и приборов контроля качества (ФМПК)
Outros autores: Фёдоров Е. М. Евгений Михайлович
Summary:Заглавие с титульного экрана
Предложены оптические методы технологического контроля наружного диаметра круглых протяженных изделий, алгоритмы преобразования сигналов первичной измерительной информации, конструкции преобразователей.
An optical in-process control techniques of round extended products outer diameter is proposed, transformation algorithms of primary measuring signals and transducers construction is offered.
Idioma:ruso
Publicado: 2015
Subjects:
Acceso en liña:http://earchive.tpu.ru/handle/11683/22263
http://www.lib.tpu.ru/fulltext/c/2015/C18/030.pdf
Formato: Electrónico Capítulo de libro
KOHA link:https://koha.lib.tpu.ru/cgi-bin/koha/opac-detail.pl?biblionumber=617098

MARC

LEADER 00000naa2a2200000 4500
001 617098
005 20231218150623.0
035 |a (RuTPU)RU\TPU\conf\15402 
035 |a RU\TPU\conf\15401 
090 |a 617098 
100 |a 20160212d2015 k y0rusy50 ca 
101 0 |a rus 
102 |a RU 
105 |a y z 101zy 
135 |a drcn ---uucaa 
181 0 |a i  
182 0 |a b 
200 1 |a Бесконтактный измеритель диаметра и овальности круглых протяженных изделий  |d Contactless instrument of diameter and ovality measurement of round extended products  |f Н. Е. Мыктыбаев, Е. М. Фёдоров 
203 |a Текст  |c электронный 
300 |a Заглавие с титульного экрана 
320 |a [Библиогр.: с. 170-171 (8 назв.)] 
330 |a Предложены оптические методы технологического контроля наружного диаметра круглых протяженных изделий, алгоритмы преобразования сигналов первичной измерительной информации, конструкции преобразователей. 
330 |a An optical in-process control techniques of round extended products outer diameter is proposed, transformation algorithms of primary measuring signals and transducers construction is offered. 
337 |a Adobe Reader 
463 0 |0 (RuTPU)RU\TPU\conf\15333  |t Информационно-измерительная техника и технологии  |o материалы VI научно-практической конференции, Томск, 27-30 мая 2015 г.  |f Национальный исследовательский Томский политехнический университет (ТПУ) ; под ред. А. В. Юрченко  |v [С. 165-171]  |d 2015 
510 1 |a Contactless instrument of diameter and ovality measurement of round extended products  |z eng 
610 1 |a труды учёных ТПУ 
610 1 |a электронный ресурс 
610 1 |a контроль 
610 1 |a диаметры 
610 1 |a бесконтактные измерения 
610 1 |a протяженные изделия 
610 1 |a оптические методы 
610 1 |a технологический контроль 
610 1 |a алгоритмы 
610 1 |a сигналы 
610 1 |a измерительная информация 
610 1 |a преобразователи 
700 1 |a Мыктыбаев  |b Н. Е. 
701 1 |a Фёдоров  |b Е. М.  |c специалист в области электрофизики  |c доцент Томского политехнического университета, кандидат наук  |f 1980-  |g Евгений Михайлович  |3 (RuTPU)RU\TPU\pers\25477  |9 11416 
712 0 2 |a Национальный исследовательский Томский политехнический университет (ТПУ)  |b Институт неразрушающего контроля (ИНК)  |b Кафедра физических методов и приборов контроля качества (ФМПК)  |3 (RuTPU)RU\TPU\col\18709 
801 2 |a RU  |b 63413507  |c 20210119  |g RCR 
856 4 |u http://earchive.tpu.ru/handle/11683/22263 
856 4 |u http://www.lib.tpu.ru/fulltext/c/2015/C18/030.pdf 
942 |c BK